| 000 | 00756cam a2200277 4500 | ||
|---|---|---|---|
| 001 | J92858 | ||
| 008 | 090401t1994 xxu||||| |||| 00| 0 eng d | ||
| 035 | _a(Sirsi) u87394 | ||
| 041 | _aeng | ||
| 050 | _a333.330973 | ||
| 245 | _aLand policy and boom-bust real estate markets. | ||
| 260 |
_aCambridge,Mass _bLincoln Institute of Land Policy _c1994 |
||
| 300 | _a31p. : ill . 28cm. | ||
| 350 | _a14 | ||
| 490 | _aPolicy Focus | ||
| 650 | _aBOOM AND BUST CYCLES | ||
| 650 | _aLAND USE PLANNING | ||
| 650 | _aPROPERTY CYCLES | ||
| 650 | _aREAL ESTATE MARKET | ||
| 650 | _aRESIDENTIAL MARKET | ||
| 650 | _aUNITED STATES | ||
| 690 | _aPROPERTY LAW AND PRACTICE | ||
| 700 |
_aCheney, Jonathan D. _xEditor |
||
| 942 | _n0 | ||
| 948 | _c14/07/1998 | ||
| 999 |
_c97236 _d97236 |
||